| 000 | 00860nam a2200241 i 4500 | ||
|---|---|---|---|
| 001 | 8820 | ||
| 003 | KOSZ 005 | ||
| 005 | 20190722100435.0 | ||
| 008 | 070717s1970 pl a f 001 0 pol | ||
| 015 | _aPB 1970/7347 | ||
| 040 |
_aWA N _cKOSZ 005/RW _dKOSZ 005/RW |
||
| 080 | _a621.039.8 | ||
| 100 | 1 |
_aAkerman, Karol _d(1913- ). _eAutor |
|
| 245 | 1 | 0 |
_aTechniczne zastosowanie metody atomów znaczonych / _cKarol Akerman. |
| 260 |
_aWarszawa : _bWydawnictwa Naukowo-Techniczne, _c1970. |
||
| 300 |
_a513, [2] s. : _bil. ; _c23 cm. |
||
| 380 | _aKsiążki. | ||
| 504 | _aBibliogr. przy rozdz. Indeks. | ||
| 650 | 4 |
_aIzotopy promieniotwórcze _xstosowanie. |
|
| 710 | 2 |
_aWydawnictwa Naukowo-Techniczne _4pbl. |
|
| 856 |
_uhttp://koha.tu.koszalin.pl/cgi-bin/koha/opac-detail.pl?biblionumber=8820 _yKatalog online BPK |
||
| 942 |
_2UKD _cKS |
||
| 999 |
_c8820 _d8820 |
||